Statistics for City picture quiz part 2- USA

Click here to take the quiz!

General Stats

  • This quiz has been taken 25 times
  • The average score is 7 of 10

Answer Stats

Answer% Correct
Seattle
100%
Chicago
85%
New York City
80%
Las vegas
75%
Anchorage
70%
Honolulu
65%
Boston
60%
Los angeles
60%
San Francisco
35%
Orlando
30%

Score Distribution

Percentile by Number Answered

Percent of People with Each Score

Your Score History

You have not taken this quiz